000 00669nam a22002177a 4500
003 UA-OsUOA
001 73078
007 ta
008 20110210b un ||||| |||| 00| 0 ukr d
100 _aБулана О.
090 _a330(477)
_bБ90
942 _cSA
040 _aUA-OsUOA
_bukr
_cUA-OsUOA
_dUA-OsUOA
245 _aДержавна підтримка підприємств реального сектора економіки в Україні в умовах її інтеграції у СОТ і ЄС
300 _aС.68-79
955 _a0
041 _aukr
080 _a330(477)
773 0 _w73073
650 7 _a330 Економіка взагалі
_2UDC
999 _c359362
_d359362